Loading...
History - European History | 0 | 6 | 0 | 2 | 60 | 86 | 115.17 | 1 | 5 |
History - World History | 0 | 6 | 0 | 0 | 60 | 106 | 113.83 | 2 | 5 |
History - American History | 0 | 6 | 1 | 0 | 55 | 66 | 89.83 | 2 | 5 |
Other Arts: Visual | 1 | 1 | 0 | 1 | 25 | 56 | 88.50 | 0 | 2 |
Fine Arts - Visual Fine Arts | 0 | 2 | 0 | 0 | 20 | 125 | 134.50 | 0 | 2 |
Science - Physics | 0 | 2 | 0 | 0 | 20 | 109 | 109.50 | 0 | 2 |
Current Events | 0 | 2 | 0 | 0 | 20 | 67 | 90.00 | 1 | 2 |
World and Other Literature | 0 | 1 | 0 | 0 | 10 | 146 | 146.00 | 0 | 1 |
Literature - American Literature | 0 | 1 | 0 | 0 | 10 | 147 | 147.00 | 0 | 0 |
Literature - European Literature | 0 | 1 | 0 | 0 | 10 | 145 | 145.00 | 0 | 0 |
Other Academic | 0 | 1 | 0 | 0 | 10 | 109 | 109.00 | 0 | 1 |
Social Science | 0 | 1 | 0 | 0 | 10 | 123 | 123.00 | 1 | 1 |
Beliefs | 0 | 2 | 2 | 0 | 10 | 74 | 96.00 | 1 | 1 |
Philosophy | 0 | 1 | 0 | 0 | 10 | 125 | 125.00 | 0 | 0 |
Science - Biology | 0 | 1 | 0 | 0 | 10 | 133 | 133.00 | 0 | 1 |
Geography | 0 | 1 | 1 | 0 | 5 | 72 | 72.00 | 0 | 1 |
British and Commonwealth History | 0 | 1 | 2 | 0 | 0 | 122 | 122.00 | 0 | 1 |